[Event "AUTO-ADV-4173"]
[Site "http://www.queenalice.com/game.php?id=1569630"]
[Date "2019.5.3"]
[Round "1"]
[White "LeandroJunio"]
[Black "RJGF"]
[Result "0-1"]
[WhiteElo "1810"]
[BlackElo "2176"]

1. e4 e5 2. Nf3 Nc6 3. Nc3 d6 4. d4 Bg4 5. dxe5 Nxe5 6. Be2 Nf6 7. Nxe5 Bxe2 8.
Nxf7 Kxf7 9. Qxe2 Qd7 10. O-O Qc6 11. Rd1 Rd8 12. Bg5 Be7 13. Bxf6 Bxf6 14. Qf3
Ke8 15. Rd3 Rf8 16. Qh5+ Ke7 17. Qxh7 Be5 18. Nd5+ Ke8 19. Qh4 Rd7 20. c3 g6 21.
Rf1 Rh8 22. Nf6+ Bxf6 23. Qxf6 Rdh7 24. Qxg6+ Kd8 25. h3 Rh6 26. Qg5+ Kc8 27.
Qf5+ Kb8 28. f4 Qb6+ 29. Rf2 Re8 30. Kh2 Qxf2 31. Qd7 Qxf4+ 32. Kg1 Qxe4 33. b4
Rg6 34. g3 Qe1+ 0-1

[Event "AUTO-ADV-4173"]
[Site "http://www.queenalice.com/game.php?id=1569635"]
[Date "2019.5.3"]
[Round "1"]
[White "Fauquinelle"]
[Black "LeandroJunio"]
[Result "1-0"]
[WhiteElo "1969"]
[BlackElo "1774"]

1. f4 f5 2. b3 Nf6 3. g3 Nc6 4. Bb2 d6 5. Bg2 e5 6. fxe5 Nxe5 7. d4 Neg4 8. Nh3
Ne3 9. Qd2 Nxg2+ 10. Kf2 Ne4+ 11. Kxg2 Nxd2 12. Nxd2 Be7 13. Nf4 Bg5 14. Rhf1
Bxf4 15. Rxf4 Qg5 16. Nf3 Qe7 17. d5 Qxe2+ 18. Kh3 Qxc2 19. Bxg7 Rg8 20. Re1+
Kd8 21. Bf6+ Kd7 22. Re7+ Kd8 23. Rc4 f4+ 24. Re6+ Kd7 25. Rxc2 c6 26. Re7+ Kd8+
27. Kg2 fxg3 28. hxg3 h5 29. dxc6 bxc6 30. Rxc6 1-0

[Event "AUTO-ADV-4173"]
[Site "http://www.queenalice.com/game.php?id=1569636"]
[Date "2019.5.3"]
[Round "1"]
[White "LeandroJunio"]
[Black "Fauquinelle"]
[Result "0-1"]
[WhiteElo "1766"]
[BlackElo "2029"]

1. e4 c5 2. Bc4 Nc6 3. Nc3 e6 4. Nf3 a6 5. d3 b5 6. Bb3 Nd4 7. Nxd4 cxd4 8. Ne2
e5 9. O-O Be7 10. f4 d6 11. fxe5 dxe5 12. Bxf7+ Kd7 13. Bd5 Rb8 14. Rf7 Nf6 15.
Bb3 Nh5 16. Bg5 Re8 17. Bxe7 Rxe7 18. Nxd4 Rxf7 19. Be6+ Kc7 20. Bxf7 Qxd4+ 21.
Kh1 Nf6 22. c3 Qd7 23. Bb3 Ng4 24. Qf3 Qe7 25. Rf1 Nf6 26. Rc1 Bg4 27. Qf2 Kb7
0-1

[Event "AUTO-OPEN-4055"]
[Site "http://www.queenalice.com/game.php?id=1570045"]
[Date "2019.5.6"]
[Round "1"]
[White "johndyson2"]
[Black "LeandroJunio"]
[Result "1-0"]
[WhiteElo "2331"]
[BlackElo "1791"]

1. Nf3 Nc6 2. c4 e5 3. g3 Nf6 4. Nc3 Bc5 5. Bg2 d5 6. cxd5 Nxd5 7. O-O Nxc3 8.
bxc3 O-O 9. d3 Bg4 10. h3 Bxf3 11. Bxf3 Qd7 12. Bg2 f5 13. Qb3+ Kh8 14. Qxb7 Na5
15. Qa6 Bb6 16. Bxa8 Rxa8 17. Rb1 Qc6 18. Kh2 Rb8 19. Qxa5 g6 20. Qxe5+ Kg8 21.
c4 1-0

[Event "AUTO-OPEN-4055"]
[Site "http://www.queenalice.com/game.php?id=1570046"]
[Date "2019.5.6"]
[Round "1"]
[White "LeandroJunio"]
[Black "johndyson2"]
[Result "0-1"]
[WhiteElo "1826"]
[BlackElo "2328"]

1. e4 c6 2. Nc3 d5 3. d4 dxe4 4. Nxe4 Bf5 5. Qd3 Qd5 6. f3 Nf6 7. c4 Qe6 8. Be2
Nbd7 9. Nxf6+ Qxf6 10. Qe3 e6 11. Bd3 O-O-O 12. c5 Bxd3 13. Qxd3 Nxc5 14. Qf1
Rxd4 15. Ne2 Nd3+ 16. Kd1 Nxb2+ 17. Ke1 Nd3+ 18. Kd2 Bb4+ 0-1

[Event "AUTO-OPEN-4055"]
[Site "http://www.queenalice.com/game.php?id=1570085"]
[Date "2019.5.6"]
[Round "1"]
[White "LeandroJunio"]
[Black "chikalas"]
[Result "1-0"]
[WhiteElo "1863"]
[BlackElo "1294"]

1. e4 e5 2. Nc3 h6 3. Nd5 c6 4. Nc3 Bb4 5. Qf3 Qf6 6. Bc4 Qxf3 7. Nxf3 Bxc3 8.
dxc3 d6 9. O-O b5 10. Bb3 Nf6 11. Be3 Nxe4 12. Rad1 Nd7 13. Nd2 Nxd2 14. Rxd2 d5
15. Re1 O-O 16. a4 bxa4 17. Bxa4 Nb8 18. Bc5 Re8 19. f3 Bb7 20. Rxd5 cxd5 21.
Bxe8 1-0

[Event "AUTO-OPEN-4055"]
[Site "http://www.queenalice.com/game.php?id=1570086"]
[Date "2019.5.6"]
[Round "1"]
[White "chikalas"]
[Black "LeandroJunio"]
[Result "0-1"]
[WhiteElo "1292"]
[BlackElo "1865"]

1. d4 d5 2. Nf3 Nf6 3. e3 Ne4 4. Bd3 Bf5 5. Nfd2 e6 6. O-O Nc6 7. Nb3 Nb4 8.
Bxe4 Bxe4 9. Na3 Bd6 10. Nb5 Bxc2 11. Qg4 O-O 12. Nxd6 Qxd6 13. Nc5 Bf5 14. Qd1
Nc2 15. Rb1 Nxd4 16. Nxb7 Qb6 17. Ra1 Qxb7 18. exd4 Rac8 19. b3 c5 20. dxc5 Rxc5
0-1

[Event "AUTO-INT-3413"]
[Site "http://www.queenalice.com/game.php?id=1571912"]
[Date "2019.5.23"]
[Round "2"]
[White "goldenboy"]
[Black "LeandroJunio"]
[Result "1-0"]
[WhiteElo "2263"]
[BlackElo "1793"]

1. e4 e5 2. Bc4 Nc6 3. Nf3 Nf6 4. d3 Bc5 5. Bg5 O-O 6. Nc3 Bb4 7. O-O Bxc3 8.
bxc3 d6 9. d4 Re8 10. Re1 Bg4 11. Rb1 Bxf3 12. Qxf3 b6 13. Bxf6 Qxf6 14. Qxf6
gxf6 15. Bb5 exd4 16. Bxc6 dxc3 17. Bxa8 Rxa8 18. Rb3 Re8 19. Rxc3 c5 20. Rd3
Re6 21. f3 1-0

[Event "AUTO-INT-3413"]
[Site "http://www.queenalice.com/game.php?id=1571913"]
[Date "2019.5.23"]
[Round "2"]
[White "LeandroJunio"]
[Black "goldenboy"]
[Result "0-1"]
[WhiteElo "1888"]
[BlackElo "2260"]

1. e4 e5 2. Nf3 Nc6 3. Nc3 Bc5 4. Bc4 d6 5. O-O Bg4 6. d3 Nd4 7. Kh1 c6 8. Ne2
Nxf3 9. h3 Bxh3 10. Ng3 Qh4 11. Qxf3 Bg4+ 12. Kg1 Bxf3 13. gxf3 Qxg3+ 14. Kh1
Bxf2 15. Rxf2 Qxf2 16. Bg5 Qxf3+ 17. Kh2 Qh5+ 0-1

[Event "AUTO-OPEN-3994"]
[Site "http://www.queenalice.com/game.php?id=1572605"]
[Date "2019.5.28"]
[Round "2"]
[White "junipero"]
[Black "LeandroJunio"]
[Result "1-0"]
[WhiteElo "2029"]
[BlackElo "1818"]

1. d4 d5 2. c4 dxc4 3. e3 Be6 4. Nf3 Bg4 5. Bxc4 Bxf3 6. Qxf3 Nf6 7. Qxb7 Nbd7
8. O-O Qb8 9. Ba6 e6 10. Qc6 Qd8 11. Nc3 Rb8 12. Na4 Bd6 13. Nc5 Rb6 14. Qa4
Bxc5 15. dxc5 Rb8 16. c6 Nc5 17. Qc4 Nd3 18. Rd1 Rb4 19. Qxd3 Qxd3 20. Rxd3 O-O
21. a3 Rb6 22. Bb7 1-0

[Event "AUTO-OPEN-3994"]
[Site "http://www.queenalice.com/game.php?id=1572606"]
[Date "2019.5.28"]
[Round "2"]
[White "LeandroJunio"]
[Black "junipero"]
[Result "0-1"]
[WhiteElo "1824"]
[BlackElo "2072"]

1. e4 c5 2. Bc4 Nc6 3. Nc3 d6 4. d4 cxd4 5. Nd5 e6 6. Nf4 Nf6 7. Qf3 Bd7 8. Nd5
exd5 9. Bxd5 Nb4 10. Qb3 Nbxd5 11. exd5 b6 12. Nf3 Be7 13. Nxd4 O-O 14. O-O h6
15. Nc6 Bxc6 16. dxc6 Qc7 17. Re1 Rfe8 18. Qf3 d5 19. Be3 Qxc6 20. c3 Bc5 21.
Rad1 Ne4 0-1

[Event "AUTO-OPEN-4005"]
[Site "http://www.queenalice.com/game.php?id=1577910"]
[Date "2019.7.19"]
[Round "2"]
[White "LeandroJunio"]
[Black "Anusha"]
[Result "0-1"]
[WhiteElo "1795"]
[BlackElo "2225"]

1. e4 e6 2. Nc3 d5 3. d4 Nf6 4. e5 Nfd7 5. Nf3 c5 6. Be3 Nc6 7. Nb5 cxd4 8. Bxd4
Nxd4 9. Nfxd4 Nxe5 10. Bd3 Bd7 0-1

[Event "AUTO-OPEN-4005"]
[Site "http://www.queenalice.com/game.php?id=1577911"]
[Date "2019.7.19"]
[Round "2"]
[White "Anusha"]
[Black "LeandroJunio"]
[Result "1-0"]
[WhiteElo "2238"]
[BlackElo "1751"]

1. d4 d5 2. Nf3 Nf6 3. Bf4 Bf5 4. e3 e6 5. Nbd2 Bd6 6. Bg3 Bxg3 7. hxg3 Nbd7 8.
Be2 Qe7 9. Nh4 Be4 10. Nhf3 O-O-O 11. Nxe4 1-0